LEADER 00578nab a2200145 i 4500 001 000000305331 003 CaOOAMICUS 005 20180831172836.0 008 180831n it uu u0 0ita r 013 $a13466 040 $aSeMil$bita 100 1 $aBiondi, Ciro .$0(OLS)http://semarc/name/87355 245 10$aProclamare la gloria! [Editoriale]. - In :$bServizio PUM, Pontificia Unione Missionaria. 773 0 $t50 anni per il mondo.$gp.I-VII$w()266220 996 $6245$aProclamare la gloria! [Editoriale]. - In :$bServizio PUM, Pontificia Unione Missionaria.$9(OLS)http://semarc/title/380980 LEADER 01385nam a2200241 i 4500 001 000000027101 003 CaOOAMICUS 005 20250709103121.0 008 180830s1826 it u000 u ita u 040 $aSeMil$bita 100 1 $aVico, Giambattista ,$d<1668-1744>.$0(OLS)http://semarc/name/775 240 10$aScienza nuova.$0(OLS)http://semarc/title/454727 245 10$aPrincipj di una scienza nuova di Gio. Battista Vico .. 260 $aNapoli :$bpresso R. Marotta e Vanspandoch,$c1826. 300 $a2 v. ;$c22 cm. 500 $aPrima edizione pubblicata dall'autore il 1725, riprodotta ed annotata da Salvatore Gallotti G.C. della Societa Pontaniana, e del Reale Istituto d'Incoraggiamento seguita da un sommario della terza grande edizione dell'autore medesimo compilato dal Cav. Giuseppe De Cesare della Societa Reale e da una lettera inedita del Vico al P. Vitri su l'andamento che le scienze avevan preso ne principj del secolo XVIII. 700 1 $aDe Cesare, Giuseppe.$0(OLS)http://semarc/name/12304 700 1 $aGallotti, Salvatore,$d<1775-1823>.$0(OLS)http://semarc/name/12305 774 0 $t[Vol. 1].$g1$w()73295 774 0 $t[Vol. 2].$g2$w()214498 996 $6245$aPrincipj di una scienza nuova di Gio. Battista Vico ..$9(OLS)http://semarc/title/36635 996 $6260$aNapoli :$bpresso R. Marotta e Vanspandoch$9(OLS)http://semarc/publisher/37089 LEADER 01252nam a2200301 i 4500 001 000000112748 003 CaOOAMICUS 005 20100820000000.0 008 100820s1993 it u000 u ita u 013 $a85432 020 $a88-384-1873-X 040 $aSeMil$bita 100 1 $aImoda, Franco,$c.$0(OLS)http://semarc/name/3644 245 10$aSviluppo umano, psicologia e mistero /$cFranco Imoda. 260 $aCasale Monferrato (AL) :$bPiemme,$c1993. 300 $a431 p. ;$c25 cm. 500 $aFondo Card. C.M. Martini. 650 4$aAntropologia pedagogica.$0(OLS)http://semarc/subject/16492 650 4$aPersona - Sviluppo psicologico.$0(OLS)http://semarc/subject/20325 650 4$aSviluppo cognitivo.$0(OLS)http://semarc/subject/6209 650 4$aAntropologia e psicologia.$0(OLS)http://semarc/subject/20326 850 $aSeMil 852 $aSeMil$W1$xVenegono$y1$m2O V 175$j68468$B68468$CSeMilBibl$Z2$F84059 $81 941 1 $a4 961 $aOmaggio: Martini Card. Carlo Maria 996 $6020$a88-384-1873-X$9(OLS)http://semarc/number/95407 996 $6245$aSviluppo umano, psicologia e mistero$9(OLS)http://semarc/title/164418 996 $6260$aCasale Monferrato (AL) :$bPiemme$9(OLS)http://semarc/publisher/30052